01286 a2200217 4500003000500000005001700005010001600022020001700038040000900055082001600064100002900080245006000109260005300169300003400222505048500256650003000741942002500771999001900796952012400815952012900939Nust20220719181842.0 a 86017033 a0134846680 : cNust00a001.539,MAN0 aMansuripur, Masud99388610aIntroduction to information theory /cMasud Mansuripur. aEnglewood Cliffs, N.J. :bPrentice-Hall,cc1987. axxi, 149 p. :bill. ;c24 cm. aInformation theory and the Modern Scientific Outlook (Page-xv), Mathematical preliminaries (Page-1), Entropy, Discrete Memoryless Source, and Block Encoding (Page-11), Variable-Length Source Coding (Page-25), Universal Source Coding (Page-41), Mutual Information Discrete Memoryless Channel and Channel Capacity (Page-49), Channel Theorems (Page-63), Rate-Distortion theory (Page-83), Error-Correcting Codes for the Binary Symmetric Channel (Page-95), Advanced Topics (Page-125).  0aInformation theory.93107 2ddccBKk001.539,MAN c189604d189604 00102ddc4070aMCSbMCScGENd2016-12-12o001.539,MANpMCS22663r2016-12-08w2016-12-12yBKzAlmirah No.8, Shelf No.1 00102ddc4070aMCSbMCScGENd2025-09-26l0o001.539,MANpMCS22323r2025-09-26w2025-09-26yBKzAlmirah No.81, Shelf No.5